Κατάλογος Βιβλιοθηκών Mediterranean College

Study Guide for World Civilizations / Volume 2 Sixth Edition (Record no. 4249)

MARC details
000 -LEADER
fixed length control field 01564cam a22002174a 4500
005 - ΗΜΕΡΟΜΗΝΙΑ ΚΑΙ ΩΡΑ ΤΕΛΕΥΤΑΙΑΣ ΕΝΗΜΕΡΩΣΗΣ
Πεδίο ελέγχου 20250605164140.0
008 - FIXED-LENGTH DATA ELEMENTS--GENERAL INFORMATION
Πεδίο ελέγχου σταθερού μήκους 250528s ||||||||||||||||||||||||d
035 ## - SYSTEM CONTROL NUMBER
System control number 18952
020 ## - ISBN
ISBN 393951073
040 ## - ΠΗΓΗ ΚΑΤΑΛΟΓΟΓΡΑΦΗΣΗΣ
Φορέας πρωτότυπης καταλογογράφησης MC Athens Campus Library
Γλώσσα καταλογογράφησης Ελληνικά, Μοντέρνα (1453-)
Modifying agency MC Athens Campus Library
Κανόνες περιγραφικής καταλογογράφησης AACR2
245 1# - ΤΙΤΛΟΣ ΚΑΙ ΔΗΛΩΣΗ ΥΠΕΥΘΥΝΟΤΗΤΑΣ
Τίτλος Study Guide for World Civilizations / Volume 2 Sixth Edition
250 ## - EDITION STATEMENT
Edition statement 6th
260 ## - PUBLICATION, DISTRIBUTION, ETC.
Name of publisher, distributor, etc. W.W. Norton & Company,
Date of publication, distribution, etc. 1982
300 ## - PHYSICAL DESCRIPTION
Extent 186
505 0# - FORMATTED CONTENTS NOTE
Formatted contents note The Age of Absolutism, The Intellectual Revolution of the seventeenth and Eighteenth Centuries, The Early Modern World, The French Revolution, The industrial Revolution, The Rise of Liberalism, The Middle Class Challenged, World War I, The West Between the Wars, World War II, The West at the World's Center, The Emergence of Latin America, The Commonwealth of Nations, The Middle East and Africa, Eruption in the Far East, New Power Relationships, Problems of World Civilization, The Emergence of World Civilization.
520 ## - SUMMARY, ETC.
Summary, etc. The Age of Absolutism, The Intellectual Revolution of the seventeenth and Eighteenth Centuries, The Early Modern World, The French Revolution, The industrial Revolution, The Rise of Liberalism, The Middle Class Challenged, World War I, The West Between the Wars, World War II, The West at the World's Center, The Emergence of Latin America, The Commonwealth of Nations, The Middle East and Africa, Eruption in the Far East, New Power Relationships, Problems of World Civilization, The Emergence of World Civilization.
700 1# - ΠΡΟΣΘΕΤΗ ΑΝΑΓΡΑΦΗ--ΦΥΣΙΚΟ ΠΡΟΣΩΠΟ
Personal name Ralph Philip L
9 (RLIN) 5233
942 ## - ADDED ENTRY ELEMENTS (KOHA)
Koha item type Books
Holdings
Τύπος τεκμηρίου Βιβλιοθήκη Τρέχουσα τοποθεσία Barcode Αριθμός εισαγωγής Ημερομηνία απόκτησης Ταξιθετικό σύμβολο Αριθμός αντιτύπου Κατάσταση απόσυρσης Κατάσταση χαμένου Κατάσταση κατεστραμμένου Μη δανεισμός Σύνολο δανεισμών Ημερομηνία τελευταίας εμφάνισης Η τιμή ισχύει από
Books MC Athens Campus Library MC Athens Campus Library 9780000042484 3885 05/06/2025 909 RAL V.2 1           05/06/2025 05/06/2025

MC Athens Campus Library
Πατησίων 94 & Κοδριγκτώνος 13, 104 34
Πελλήνης 8 & Πατησίων 107, 112 51
Τ: +30 210 8899600

MC Thessaloniki Campus Library
Ίωνος Δραγούμη 21, 54625 | Ίωνος Δραγούμη 15, 54625
Τ: +30 2310 287779 – Τ: +30 2314 440300